MARC

LEADER 00000nab a2200000 4500
001 vtls012016395
003 SK-MaSNL
005 20260318114049.0
008 210301c2019 xo er|n || ||00 c0ukr
015 |a SNBRB2021/03 
038 |a SVKPOCL 
040 |a SVKPOCL  |b slo  |c SVKPOCL  |e rda 
041 0 |a ukr 
043 |a e-xo--- 
044 |a xo  |c SK 
072 7 |a 821.161.09  |x Východoslovanské literatúry (o nich)  |2 konspekt 
072 7 |a 27-9  |x Dejiny kresťanskej cirkvi  |2 konspekt 
072 7 |a 82-1/-8  |x Literatúra rôznych foriem a žánrov (o nej)  |2 konspekt 
080 |a 82-95-051  |2 2011 
080 |a 82.02:821.161.2  |2 2011 
080 |a (437.671)  |2 2011 
080 |a (437.6)  |2 2011 
080 |a 929 Pavlovič, Alexander  |2 2011 
080 |a 82(091)"18/19"  |2 2011 
080 |a 821.161.25(437.6)-051  |2 2011 
080 |a 398  |2 2011 
080 |a 808.1  |2 2011 
245 0 0 |a Ivan Pidkova u tvorčosti Oleksandra Pavlovyča  |c [autor] -mi- 
300 |b Fotografie 
336 |a text  |b txt  |2 rdacontent 
337 |a bez média  |b n  |2 rdamedia 
338 |a zväzok  |b nc  |2 rdacarrier 
500 |a V rubrike Informacij 
600 1 7 |a Pavlovič, Alexander,  |d 1819-1900  |2 svkpocl  |9 186683 
600 1 7 |a Ševčenko, Taras Hryhorovyč,  |d 1814-1861  |2 SNKMA  |9 117034 
600 1 7 |a Šaškevyč, Markijan Semenovyč,  |d 1811-1843  |2 svkpocl  |9 1598818 
600 1 7 |a Holovac'kyj, Jakiv Fedorovyč,  |d 1814-1888  |2 svkpocl  |9 1584156 
600 1 7 |a Vahylevyč, Ivan Mykolajovyč,  |d 1811-1866  |2 svkpocl  |9 1631229 
600 1 7 |a Pidkova, Ivan,  |d 1533-1578  |2 svkpocl  |9 1631819 
610 2 7 |a Rus'ka Trijcja (halická literárna skupina : Ľvov, Ukrajina)  |2 svkpocl  |9 1631820 
630 0 7 |a «Duma ob atamani Podkovi, ubytomu Pol'šej vo L'vovi»  |g (poema)  |2 svkpocl  |9 1631768 
630 0 7 |a «Ivan Pidkova»  |g (báseň)  |2 svkpocl  |9 1631769 
648 7 |a 17.storočie  |2 svkpocl  |9 1631821 
650 0 7 |a rusínski básnici  |2 svkpocl  |9 1278664 
650 0 7 |a osobnosti  |2 SNKPH  |9 29820 
650 0 7 |a rodáci  |2 SNKPH  |9 30842 
650 0 7 |a rusínska literatúra  |2 SNKPH  |9 1293 
650 0 7 |a učitelia  |2 SNKPH  |9 3995 
650 0 7 |a literárna história  |2 SNKPH  |9 1136 
650 0 7 |a publicisti  |2 SNKPH  |9 63929 
650 0 7 |a literatúra a spoločnosť  |2 SNKPH  |9 64420 
650 0 7 |a literárna tvorba  |2 SNKPH  |9 4226 
650 0 7 |a literárne motívy  |2 SNKPH  |9 2887 
650 0 7 |a rusínski spisovatelia  |2 SNKPH  |9 490645 
650 0 7 |a kozáctvo (literatúra)  |2 svkpocl  |9 1631822 
650 0 7 |a Lemkovia  |2 SNKPH  |9 27189 
650 0 7 |a biografia  |2 SNKPH  |9 71085 
651 7 |a Slovensko  |2 SNKPHgeo  |9 14231 
773 0 |t Nove žyttja  |g Roč. 69, č. 20 (2019), s. 4 
852 |a SVKPO  |b KIS3GCP 
958 |a UK 
958 |a BX 
958 |a SS 
958 |a SK 
958 |a NM 
999 |c 3364608  |d 3366538